Spanisch Klausur Vokabeln - Statistiken

Allgemein
  • Dieses Quiz wurde 14 mal gespielt
  • Das Durchschnittsergebnis liegt bei 4 aus 64
Antwortstatistiken
Hint Antwort % Korrekt
spielen jugar
67%
mehr als más de
42%
der Frieden la paz
33%
das Bad/Sanitäreinrichtung el bano
25%
die Bildung la educación
25%
weniger als menos de
25%
etwas erleiden sufrir algo
25%
der Zugang el acceso
17%
der Analphabet el analfabeta
17%
das Heim/das Zuhause el hogar
17%
(auf)wachsen crecer
8%
sich entwickeln desarrollarse
8%
das Trinkwasser el agua potable
8%
das Trinkwasser el agua potable
8%
das Konsumniveau el nivel de consumo
8%
das Potenzial el potencial
8%
die Unterernährung la malnutrición
8%
die Sterblichkeit la mortalidad
8%
die Teilnahme la participación
8%
die Gesundheit la salud
8%
Es ist nicht gerecht, dass... no es justo que
8%
ermangeln (von) carecer (de)
0%
ausschließlich beachten considerar únicamente
0%
abdecken cubrir
0%
unterscheiden diferenciar
0%
erschweren dificultar
0%
verringern disminuir
0%
das körperliche Wachstum el crecimiento físico
0%
das Recht auf Liebe und Verständnis el derecho a amor y comprensión
0%
die intellektuelle Entiwcklung el desarollo intelectual
0%
die mentale, körperliche und emotionale Entwicklung el desarrollo mental, físico y emocional
0%
das Handy/Mobiltelefon .el teléfono móvil
0%
das Studium/der Universitätsabschluss el título universitario
0%
die Kinderarbeit el trabajo infantil
0%
Es ist schade, dass... es lamentable que
0%
etwas erleben experimentar algo
0%
etwas genießen (z.B. educación gratuita)h gozar de algo
0%
verhindern impedir
0%
die Ernährung la alimentación
0%
die medizinische Versorgung la atención médica
0%
die Internetverbindung la conexión a internet
0%
die Grausamkeit la crueldad
0%
die Ausbeutung la explotación
0%
die Obdachlosigkeit la falta de hogar
0%
die Gleichheit la igualdad
0%
die Zukunftsperspektive la perspectiva de futuro
0%
die materielle Armut la pobreza material
0%
die Grundbedürfnisse, um zu überlegen las necesidades básicaspara sobrevivir
0%
die niedrigen Einkommen los bajos ingresos
0%
die fundamentalen Rechte/Grundrechte los derechos fundamentales
0%
Mich überrascht sehr, dass... me sorprende mucho que
0%
Ich kann nicht glauben, dass... no (me) puede creer que
0%
beeinträchtigen/schädigen perjudicar
0%
selten raramente
0%
Hilfe erhalten recibir ayuda
0%
wenige Stimuli erhalten recibir pocos estímulos
0%
Etwas zur Verfügung haben tener algo a tu disposición
0%
nahrhafte Ernährung/Lebensmittel un alimento nutritivo
0%
ein Umfeld der Armut un entorno de pobreza
0%
der Daseinzustand un estado de existencia
0%
ein wohlhabendes/bequemes Zuhause un hogar acomodado
0%
ein Minderjähriger un menor
0%
ein Entwicklungsland un país en darrollo
0%
sich verpflichtet fühlen, etwas zu tun verse obligado a hacer algo
0%
Keine übereinstimmenden Quizze gefunden
Verteilung der Resultate
Anzahl Personen mit jedem Resultat
Perzentil nach korrekt beantworteten Fragen
Ihre Resultats-Entwicklung
Sie haben dieses Quiz noch nicht gespielt